[Event "POL-chT3"]
[Site "Jastrzebia Gora POL"]
[Date "2016.09.04"]
[Round "2.40"]
[White "Kokoszczynski, Jan"]
[Black "Rzepka, Krzysztof"]
[Result "0-1"]
[WhiteElo "1962"]
[BlackElo "2136"]
[EventDate "2016.09.02"]

1.e4 c5 2.Nf3 d6 3.d4 cxd4 4.Nxd4 Nf6 5.Nc3 a6 6.f3 e6 7.Be3 Qc7 8.Qd2 Nc6
9.O-O-O Bd7 10.Kb1 b5 11.g4 h6 12.Nxc6 Bxc6 13.h4 Nd7 14.Qf2 Ne5 15.Bf4 
Rc8 16.Bd3 h5 17.Ne2 hxg4 18.Bxe5 gxf3 19.Nd4 dxe5 20.Nxf3 f6 21.Rdf1 a5 
22.Qg3 a4 23.Qg6+ Ke7 24.h5 Be8 25.Qg4 Rh6 26.Ng5 Bd7 27.Bxb5 Qxc2+ 28.Ka1
a3 29.Rb1 f5 30.Qe2 Qxe2 31.Bxe2 Kf6 32.Nf3 Bb4 33.Rbd1 axb2+ 34.Kxb2 Ba4 
35.Rc1 Rb8 36.Rb1 fxe4 37.Nh4 Bc5+ 38.Kc3 Bd4+ 39.Kc4 Rc8+ 40.Kb4 Be8 41.
Rbf1+ Ke7 42.a4 Kd6 43.Rf8 Bc5+ 44.Kc3 Be3+ 45.Kb2 Bd4+ 46.Ka3 Rc3+ 47.Kb4
Ke7 48.Rxe8+ Kxe8 49.Ng6 Rc2 50.Bb5+ Kd8 51.Rf1 Rf2 52.Rxf2 Bxf2 53.Be2 
Rxg6 54.hxg6 Ke7 55.Kc3 Kf6 56.Kd2 Kxg6 57.Bg4 Kg5 58.Ke2 Bb6 59.Bxe6 Kf4 
60.Bc8 g5 61.Bh3 Kg3 62.Bf5 Kf4 63.Bh3 g4 64.Bg2 e3 65.Bh1 Kg3 66.Bd5 Kh2 
67.Be4 g3 68.Kf1 g2+ 69.Bxg2 e2+ 70.Kxe2 Kxg2 71.Kd3 Kf3 0-1

[Event "POL-chT3"]
[Site "Jastrzebia Gora POL"]
[Date "2016.09.04"]
[Round "2.41"]
[White "Fudalej, Grzegorz"]
[Black "Wojtaszewski, Piotr"]
[Result "1-0"]
[WhiteElo "2137"]
[BlackElo "1998"]
[EventDate "2016.09.02"]

1.e4 d6 2.g3 e5 3.Bg2 Nf6 4.Nc3 Be7 5.d3 c6 6.Nf3 O-O 7.h3 Qc7 8.Qe2 Nbd7 
9.Nh4 Nc5 10.Be3 Rd8 11.Nf5 Bxf5 12.exf5 d5 13.Bxc5 Bxc5 14.O-O-O b5 15.g4
d4 16.Ne4 Nxe4 17.Qxe4 Qa5 18.Kb1 Bb4 19.Qxe5 Qb6 20.f6 Rd6 21.fxg7 Re6 
22.Qf5 Rg6 23.Be4 Rxg7 24.Qf6 Rc8 25.Bf5 Qd8 26.Qxd8+ Rxd8 27.a3 Ba5 28.b4
Bc7 29.Rde1 Bd6 30.Re4 c5 31.Rhe1 Kf8 32.Bd7 f6 33.Bxb5 cxb4 34.Re8+ Rxe8 
35.Rxe8+ Kf7 36.Rd8 Ke6 37.axb4 Rb7 38.Bc4+ Ke5 39.f4+ Kxf4 40.Rxd6 Rxb4+ 
41.Kc1 Kg3 42.Rxd4 Kxh3 43.g5 1-0

[Event "POL-chT3"]
[Site "Jastrzebia Gora POL"]
[Date "2016.09.04"]
[Round "2.42"]
[White "Olechnicka, Karolina"]
[Black "Zmarzly, Aleksandra"]
[Result "1-0"]
[WhiteElo "1887"]
[BlackElo "2011"]
[EventDate "2016.09.02"]

1.d4 e6 2.e4 d5 3.Nd2 a6 4.Bd3 c5 5.dxc5 Bxc5 6.Qg4 Nf6 7.Qg3 dxe4 8.Nxe4 
Nxe4 9.Bxe4 Qd4 10.Bd3 Nc6 11.Nf3 Bb4+ 12.Ke2 Bd6 13.Nxd4 Nxd4+ 14.Ke1 
Bxg3 15.hxg3 Bd7 16.Bd2 Bc6 17.f3 O-O-O 18.Bc3 h6 19.Kf2 Rhe8 20.Rad1 e5 
21.Rhe1 Kc7 22.b3 Rd7 23.f4 f6 24.Bg6 Red8 25.fxe5 fxe5 26.Rxe5 Rf8+ 27.
Ke1 Nb5 28.Ba5+ b6 29.Rxd7+ Kxd7 30.Bb4 Rf6 31.Bf5+ Kc7 32.Be7 Rf7 33.Bg6 
1-0

[Event "POL-chT3"]
[Site "Jastrzebia Gora POL"]
[Date "2016.09.04"]
[Round "2.43"]
[White "Paprocki, Jaroslaw"]
[Black "Gumula, Daniel"]
[Result "0-1"]
[WhiteElo "2195"]
[BlackElo "2248"]
[EventDate "2016.09.02"]

1.e4 c5 2.Nf3 d6 3.d4 Nf6 4.Nc3 cxd4 5.Nxd4 Bd7 6.Be2 g6 7.h4 h5 8.Bg5 Bg7
9.Qd2 Nc6 10.Nb3 a5 11.a4 Rc8 12.f3 Nb4 13.Nd4 Qb6 14.Ndb5 O-O 15.Rc1 Bxb5
16.axb5 d5 17.e5 d4 18.Na4 Qe6 19.exf6 exf6 20.O-O fxg5 21.hxg5 d3 22.Bxd3
Bd4+ 23.Kh1 Be3 24.Qe2 Nxd3 25.Qxd3 Rfd8 26.Qe4 Rc4 27.Qxe6 fxe6 0-1

[Event "POL-chT3"]
[Site "Jastrzebia Gora POL"]
[Date "2016.09.04"]
[Round "2.44"]
[White "Kolosowski, Pawel"]
[Black "Zebracki, Tomasz"]
[Result "1/2-1/2"]
[WhiteElo "2214"]
[BlackElo "2196"]
[EventDate "2016.09.02"]

1.e4 e6 2.d3 d5 3.Nd2 c5 4.Ngf3 Nc6 5.g3 g6 6.Bg2 Bg7 7.O-O Nge7 8.Re1 O-O
9.e5 Qc7 10.Qe2 g5 11.Nxg5 Qxe5 12.Qxe5 Nxe5 13.f4 N5c6 14.Ndf3 b6 15.c3 
Ba6 16.Bf1 h6 17.Nh3 Rfe8 18.Nf2 Ng6 19.Ng4 f5 20.Nge5 Ngxe5 21.Nxe5 Nxe5 
22.fxe5 d4 23.c4 Bb7 24.Bg2 Bxg2 25.Kxg2 Kh7 26.Bf4 h5 27.a4 Bh6 28.Kf3 a6
29.Reb1 Bxf4 30.Kxf4 a5 31.Ra3 Rg8 32.Rb3 Rg4+ 33.Kf3 f4 34.Rxb6 fxg3 35.
Rxe6 gxh2 36.Rh1 Rf8+ 37.Rf6 Rxf6+ 38.exf6 Rh4 39.Kg3 Rg4+ 40.Kf3 Rh4 
1/2-1/2

[Event "POL-chT3"]
[Site "Jastrzebia Gora POL"]
[Date "2016.09.04"]
[Round "2.45"]
[White "Ciemniak, Krzysztof"]
[Black "Garbowski, Jakub"]
[Result "1-0"]
[WhiteElo "2000"]
[BlackElo "2030"]
[EventDate "2016.09.02"]

1.e4 e5 2.Nf3 Nc6 3.Nc3 Nf6 4.Bb5 Bd6 5.O-O O-O 6.Re1 Re8 7.d3 h6 8.a3 Bf8
9.h3 g6 10.Be3 Bg7 11.Qd2 Kh7 12.Bc4 Re7 13.Nd5 Re8 14.Bg5 hxg5 15.Nxg5+ 
Kg8 16.Nxf6+ Bxf6 17.Nxf7 Qe7 18.Nxe5+ Kh7 19.Nf7 Bg7 20.Qf4 Bf8 21.e5 d6 
22.Ng5+ Kg7 23.Qf6+ Kh6 24.Nf7+ 1-0

[Event "POL-chT3"]
[Site "Jastrzebia Gora POL"]
[Date "2016.09.04"]
[Round "2.46"]
[White "Siedlinski, Piotr"]
[Black "Wisniewski, Przemyslaw"]
[Result "1/2-1/2"]
[WhiteElo "2107"]
[BlackElo "1970"]
[EventDate "2016.09.02"]

1.e4 d6 2.d4 c6 3.Nc3 Qc7 4.Nf3 e5 5.Bc4 Be7 6.O-O Nf6 7.a4 O-O 8.Re1 Bg4 
9.d5 c5 10.h3 Bh5 11.Bf1 Na6 12.Nb5 Qd7 13.c3 Rfd8 14.Qd3 Nc7 15.Nd2 Nxb5 
16.axb5 Bg6 17.Be2 Qe8 18.b3 Nd7 19.Ba3 Qf8 20.g4 Nf6 21.b4 b6 22.bxc5 
bxc5 23.Bb2 h5 24.Ra6 hxg4 25.hxg4 Rd7 26.Rea1 Bd8 27.f3 Rb7 28.Nb3 Bb6 
29.c4 Nd7 30.Bc3 Qb8 31.R1a2 Qc7 32.Qd1 Re8 33.Qa1 Re7 34.Bd3 f6 35.Kf2 
Kf7 36.Ke3 Qb8 37.Qh1 Qg8 38.Rh2 Qd8 39.Bf1 Re8 40.Bh3 Nb8 41.Ra3 Nd7 42.
Kd3 Nf8 43.Ra6 Nh7 44.Na5 Bxa5 45.Bxa5 Qb8 46.Ke3 Ng5 47.Bf1 Ke7 48.Bd3 
Qc8 49.Rc6 Qb8 50.Bc2 Rf8 51.Ra6 Qc8 52.Bd3 Qb8 53.Qb1 Rh8 54.Qh1 Rf8 55.
Qa1 Rh8 56.Qh1 1/2-1/2

[Event "POL-chT3"]
[Site "Jastrzebia Gora POL"]
[Date "2016.09.04"]
[Round "2.47"]
[White "Zebracki, Jaroslaw"]
[Black "Guzik, Jolanta"]
[Result "0-1"]
[WhiteElo "1841"]
[BlackElo "1990"]
[EventDate "2016.09.02"]

1.e4 d5 2.exd5 Qxd5 3.Nc3 Qa5 4.d4 Nf6 5.Bc4 Bf5 6.Bd2 Qb6 7.Nf3 c6 8.O-O 
e6 9.Qe2 Bd6 10.Bb3 O-O 11.Rad1 Bg4 12.Ne4 Nxe4 13.Qxe4 Bf5 14.Qh4 Qc7 15.
Rfe1 Nd7 16.Bc3 Rad8 17.d5 exd5 18.Qd4 Nf6 19.Qxa7 Ne4 20.Ba5 Qb8 21.Qxb8 
Rxb8 22.Nh4 Bg4 23.f3 Bc5+ 24.Kf1 b6 25.Bxb6 Bxb6 26.fxg4 Nf2 27.Rd2 Nxg4 
28.g3 Ne3+ 29.Ke2 Rfe8 30.Kd3 c5 31.c4 dxc4+ 32.Bxc4 Rbd8+ 33.Kc3 Ba5+ 34.
Kb3 Bxd2 35.Re2 0-1

[Event "POL-chT3"]
[Site "Jastrzebia Gora POL"]
[Date "2016.09.04"]
[Round "2.48"]
[White "Pluta, Natalia"]
[Black "Paprocka, Renata"]
[Result "0-1"]
[WhiteElo "1623"]
[BlackElo "1973"]
[EventDate "2016.09.02"]

1.c4 e6 2.d4 d5 3.Nc3 Nf6 4.Nf3 Nbd7 5.Bg5 c6 6.e3 Qa5 7.Qc2 Ne4 8.cxd5 
exd5 9.Bd3 Ndf6 10.O-O Nxg5 11.Nxg5 h6 12.Nf3 Bd6 13.Nh4 O-O 14.f3 Qc7 15.
f4 Re8 16.Rae1 Ng4 17.h3 Qd8 18.hxg4 Qxh4 19.Qf2 Qxf2+ 20.Kxf2 Bxg4 21.Rb1
Rad8 22.b4 b6 23.Rfc1 Bb8 24.Na4 Bd7 25.b5 cxb5 26.Bxb5 Bxb5 27.Rxb5 Re7 
28.Rc6 Rde8 29.Rc3 Rd7 30.Rc6 f6 31.Nc3 Red8 32.Rxd5 Rxd5 33.Nxd5 Rxd5 34.
Rc8+ Kf7 35.Rxb8 Ra5 36.Rb7+ Ke6 37.Rxg7 Rxa2+ 38.Kf3 b5 39.Rb7 a6 40.Rb6+
Ke7 41.g4 Kd7 42.Rxf6 b4 43.Rb6 a5 44.f5 Kc7 45.Rb5 Kc6 46.Rc5+ Kd6 47.e4 
Kd7 48.f6 b3 49.f7 Ke7 50.Rc7+ Kf8 51.e5 Rc2 52.Rb7 a4 53.e6 Rc8 54.Kf4 
Ra8 55.Ke5 Kg7 56.d5 a3 57.f8=Q+ Kxf8 58.Rxb3 a2 59.Rf3+ Ke8 60.Rf1 a1=Q+ 
61.Rxa1 Rxa1 62.d6 Ra5+ 63.Kf6 Ra4 64.Kf5 Rd4 65.Kg6 Rxg4+ 66.Kxh6 Re4 67.
e7 Re6+ 0-1

[Event "POL-chT3"]
[Site "Jastrzebia Gora POL"]
[Date "2016.09.04"]
[Round "2.49"]
[White "Gierulski, Kamil"]
[Black "Steczek, Marcin"]
[Result "0-1"]
[WhiteElo "2196"]
[BlackElo "2370"]
[EventDate "2016.09.02"]

1.e4 c6 2.Nc3 d5 3.Nf3 Bg4 4.h3 Bxf3 5.Qxf3 Nf6 6.d4 e6 7.Bd3 Bb4 8.e5 
Nfd7 9.Qg4 g6 10.O-O Be7 11.Ne2 c5 12.c3 Nc6 13.Bh6 Qb6 14.b3 cxd4 15.cxd4
Nb4 16.Bb1 Rc8 17.a3 Nc6 18.Bc2 Ncxe5 19.dxe5 Rxc2 20.Nd4 Rc5 21.Qf4 Rg8 
22.h4 Qd8 23.Nf3 Qb8 24.Rfe1 a6 25.Rad1 Rc6 26.Nd4 Rc3 27.Qd2 Rc8 28.Qf4 
Bxa3 29.Rd3 Qc7 30.b4 Bb2 31.Rf3 Nb6 32.Bg5 Nc4 33.b5 Bxd4 34.Qxd4 a5 35.
Qa1 b6 36.Qd4 Qd7 37.Qf4 Rc5 38.Bf6 h5 39.Qh6 Rxb5 40.Qh7 Rf8 41.Bg7 Qe7 
42.Rf4 a4 43.g4 a3 44.gxh5 gxh5 45.Bxf8 Qxf8 46.Rxc4 dxc4 47.Qe4 Rd5 48.
Qxc4 Qc5 49.Qe2 Qb4 0-1

[Event "POL-chT3"]
[Site "Jastrzebia Gora POL"]
[Date "2016.09.04"]
[Round "2.50"]
[White "Smagalski, Slawomir"]
[Black "Miasik, Adrian"]
[Result "1-0"]
[WhiteElo "1943"]
[BlackElo "1933"]
[EventDate "2016.09.02"]

1.Nf3 d5 2.c4 e6 3.g3 Nf6 4.Bg2 c5 5.O-O Be7 6.d4 Nc6 7.cxd5 Nxd5 8.Nc3 
Nxc3 9.bxc3 O-O 10.e3 Qc7 11.Qc2 b6 12.Rd1 Bb7 13.e4 Rad8 14.Be3 e5 15.d5 
Nb8 16.c4 Qd6 17.Rab1 Bc8 18.h3 Nd7 19.Rb3 h6 20.Bc1 Rfe8 21.Bb2 Bf6 22.
Ra3 a6 23.Qa4 Nb8 24.Qc2 b5 25.Kh2 Nd7 26.Bf1 b4 27.Re3 Nb6 28.Rb1 Bd7 29.
Bc1 a5 30.Bd2 Ra8 31.Qc1 Reb8 32.Re1 Nc8 33.Bd3 Ne7 34.Rg1 Ng6 35.Be3 a4 
36.Ne1 Bd8 37.Be2 Bb6 38.Nd3 Rc8 39.Bh5 f5 40.Bxg6 Qxg6 41.Nxe5 Qe8 42.
Nxd7 Qxd7 43.e5 Re8 44.e6 Qe7 45.Re1 Bc7 46.Bf4 Ra6 47.Be5 Bxe5 48.Rxe5 
Qf6 49.Qf4 g6 50.Qxh6 Re7 51.Ree1 Rb7 52.Rbd1 Rd6 53.Qe3 Qe7 54.Qxc5 f4 
55.Qd4 fxg3+ 56.fxg3 b3 57.c5 Rd8 58.d6 Qe8 59.Qd5 1-0

[Event "POL-chT3"]
[Site "Jastrzebia Gora POL"]
[Date "2016.09.04"]
[Round "2.52"]
[White "Walaszczyk, Witold"]
[Black "Wozniak, Grzegorz"]
[Result "1-0"]
[WhiteElo "2088"]
[BlackElo "1695"]
[EventDate "2016.09.02"]

1.d4 d5 2.g3 Nf6 3.Bg2 e6 4.Nf3 c5 5.O-O Nc6 6.c4 Be7 7.cxd5 Nxd5 8.dxc5 
Bxc5 9.Qc2 Qe7 10.a3 Bd7 11.Rd1 Rc8 12.e4 Nf6 13.Nc3 Ng4 14.Rd2 Nce5 15.
Nxe5 Nxe5 16.b3 O-O 17.Bb2 Rfd8 18.h3 Bc6 19.Ne2 Rxd2 20.Qxd2 Rd8 21.Qc3 
f6 22.b4 Bb6 23.Nf4 Qd6 24.Qb3 Kf7 25.b5 Bd7 26.Rd1 Qc5 27.Bxe5 Qxe5 28.a4
Ke7 29.h4 Rc8 30.Qd3 Rc7 31.Bh3 Qc3 32.Qd6+ Ke8 33.Kg2 Qc2 34.Bxe6 Qxe4+ 
35.Kh2 Bxe6 36.Nxe6 Re7 37.Nc5 Bxc5 38.Qxc5 b6 39.Qc8+ Kf7 40.Rd8 Qf3 41.
Qc4+ Kg6 42.Qc2+ Qe4 43.Qd1 Qe2 44.Qb1+ Qe4 45.Qd1 Qe2 46.Qb1+ Re4 47.Kg2 
Qc4 48.Rd7 f5 49.Qb2 Qg8 50.f3 Re6 51.g4 Qf8 52.h5+ Kh6 53.Qd2+ g5 54.
hxg6+ Kxg6 55.Qd4 Qf6 56.gxf5+ Qxf5 57.Qg7+ Kh5 58.Qxh7+ Qxh7 59.Rxh7+ Kg5
60.Rxa7 Kf4 61.Rf7+ Ke3 62.Kg3 Rg6+ 63.Kh4 Rg1 64.Rf6 Ra1 65.Rxb6 Rxa4+ 
66.Kg3 Ra1 67.Re6+ Kd4 68.b6 Rb1 69.Kf4 Kd5 70.Kf5 Rb3 71.f4 Rb4 72.Rf6 
Rb5 73.Kg6 Ke4 74.Kf7 Rc5 75.Ke7 Rd5 76.Ke6 Rd1 77.Ke7 Rd5 78.Rd6 Rb5 79.
Kd7 Kxf4 80.Kc6 Rb1 81.b7 Ke5 82.Rd5+ Ke6 83.Rb5 Rc1+ 84.Kb6 1-0

[Event "POL-chT3"]
[Site "Jastrzebia Gora POL"]
[Date "2016.09.04"]
[Round "2.53"]
[White "Wasik, Roman"]
[Black "Swiatnicki, Andrzej"]
[Result "0-1"]
[WhiteElo "1474"]
[BlackElo "2058"]
[EventDate "2016.09.02"]

1.Nf3 d5 2.d4 c6 3.c4 e6 4.Nc3 dxc4 5.a4 Bb4 6.e3 b5 7.Ne5 Nf6 8.axb5 cxb5
9.Qf3 Qd5 10.Be2 Bb7 11.O-O Bxc3 12.bxc3 Qxf3 13.Bxf3 Bxf3 14.gxf3 Nd5 15.
Bd2 f6 16.e4 Nxc3 17.Bxc3 fxe5 18.dxe5 O-O 19.Kg2 Nc6 20.Ra6 Rfc8 21.Rd1 
b4 22.Rd6 bxc3 23.Rdxc6 c2 24.Rxc8+ Rxc8 25.Ra1 Rd8 26.Rc1 Rd2 27.f4 a5 
28.Kf3 a4 29.Ke3 c3 30.f5 Kf7 31.h4 a3 32.h5 h6 33.f3 a2 34.Rg1 Rd1 35.
fxe6+ Ke8 0-1

[Event "POL-chT3"]
[Site "Jastrzebia Gora POL"]
[Date "2016.09.04"]
[Round "2.54"]
[White "Bukowska, Katarzyna"]
[Black "Wasik, Justyna"]
[Result "1-0"]
[WhiteElo "1887"]
[BlackElo "1385"]
[EventDate "2016.09.02"]

1.e4 d6 2.d4 g6 3.Nc3 Bg7 4.h3 Nc6 5.Nf3 Nf6 6.Be3 O-O 7.Qd2 e5 8.d5 Ne7 
9.O-O-O Nxe4 10.Nxe4 f5 11.Neg5 f4 12.Bd4 h6 13.Bc3 hxg5 14.Nxg5 Nf5 15.
Ne4 b6 16.Kb1 Bb7 17.Bc4 Qe7 18.Qe2 a6 19.Qg4 b5 20.Be2 c6 21.Qxg6 cxd5 
22.Bg4 dxe4 23.Bxf5 d5 24.Be6+ Rf7 25.Bxe5 Qf8 26.Bxf7+ Qxf7 27.Qxf7+ Kxf7
28.Bxf4 Ke6 29.Rhe1 Rf8 30.g3 Kf5 31.c3 Rh8 32.h4 Bf6 33.Be3 Kg4 34.Kc2 
Rc8 35.Kb3 Rc6 36.Rh1 a5 37.a4 bxa4+ 38.Kxa4 Rc4+ 39.Kb3 Bc6 40.Ra1 a4+ 
41.Ka2 d4 42.Bxd4 Bxd4 43.cxd4 Rxd4 44.Rad1 Bd5+ 45.Kb1 Rd3 46.Rxd3 exd3 
47.Rd1 Be4 48.Kc1 Kf3 49.Re1 Bf5 50.Re5 Bh7 51.Re7 Bg6 52.Kd2 Kxf2 53.Re3 
Kg2 54.Rxd3 Bxd3 55.Kxd3 Kxg3 56.h5 1-0

[Event "POL-chT3"]
[Site "Jastrzebia Gora POL"]
[Date "2016.09.04"]
[Round "2.55"]
[White "Shkapenko, Pavel"]
[Black "Walter, Szymon"]
[Result "1/2-1/2"]
[WhiteElo "2418"]
[BlackElo "2261"]
[EventDate "2016.09.02"]

1.e4 c5 2.c3 d5 3.exd5 Qxd5 4.Nf3 Nf6 5.d4 cxd4 6.cxd4 e6 7.Be2 Nc6 8.O-O 
Be7 9.Nc3 Qd8 10.Be3 O-O 11.Ne5 Nb4 12.Bf3 Nbd5 13.Bg5 Bd7 14.Bxf6 Bxf6 
15.Nxd5 exd5 16.Re1 Be6 17.Qb3 Qd6 18.Rac1 Rab8 19.g3 g6 20.h4 Bg7 21.h5 
Rfd8 22.Kg2 Bf5 23.Rc5 Be6 24.Qe3 Re8 25.hxg6 hxg6 26.Qf4 Rbd8 27.Rec1 Re7
28.a3 a6 29.b4 Qb8 30.a4 Qd6 31.a5 Qb8 32.b5 Qd6 33.b6 g5 34.Qd2 Bxe5 35.
dxe5 Qxe5 36.Rc7 Rdd7 37.Rc8+ Kg7 38.Rh1 d4 39.Rch8 Bd5 40.R1h7+ Kf6 41.
Rh6+ Kg7 42.R6h7+ 1/2-1/2

[Event "POL-chT3"]
[Site "Jastrzebia Gora POL"]
[Date "2016.09.04"]
[Round "2.56"]
[White "Dzierzak, Radoslaw"]
[Black "Bartel, Michal"]
[Result "1/2-1/2"]
[WhiteElo "2204"]
[BlackElo "2375"]
[EventDate "2016.09.02"]

1.e4 e5 2.Nf3 Nc6 3.Bb5 a6 4.Ba4 Nf6 5.O-O Be7 6.Re1 b5 7.Bb3 d6 8.c3 O-O 
9.d4 Bg4 10.d5 Na5 11.Bc2 c6 12.dxc6 Qc7 13.Nbd2 Qxc6 14.h3 Bc8 15.Nf1 Re8
16.Ng3 Nc4 17.Qe2 Bf8 18.a4 Bb7 19.b3 Nb6 20.axb5 axb5 21.Bd2 Rxa1 22.Rxa1
Ra8 23.Rxa8 Nxa8 24.Bg5 Nd7 25.Bd8 Nc5 26.Ba5 Nb6 27.Ne1 Nbd7 28.Bd3 Ba6 
29.Bc2 g6 30.Nd3 Nxd3 31.Qxd3 Nc5 32.Qe3 Bb7 33.f3 Be7 34.Ne2 Ne6 35.Qb6 
d5 36.Qxc6 Bxc6 37.exd5 Bc5+ 38.Kf1 Bxd5 39.Bd3 Bxb3 40.Bxb5 Be3 41.Bb4 
1/2-1/2

[Event "POL-chT3"]
[Site "Jastrzebia Gora POL"]
[Date "2016.09.04"]
[Round "2.57"]
[White "Mickiewicz, Piotr"]
[Black "Kastelik, Adrian"]
[Result "1-0"]
[WhiteElo "2331"]
[BlackElo "2114"]
[EventDate "2016.09.02"]

1.Nf3 d5 2.b3 Nc6 3.Bb2 Bg4 4.e3 e5 5.h3 Bxf3 6.Qxf3 Nf6 7.Bb5 Bd6 8.c4 
Kf8 9.Bxc6 bxc6 10.Nc3 e4 11.Qe2 Nd7 12.cxd5 Nc5 13.O-O Nd3 14.Nxe4 Nxb2 
15.Nxd6 Qxd6 16.Rab1 Na4 17.bxa4 cxd5 18.Qg4 h5 19.Qh4 f6 20.Rfc1 Rc8 21.
Rb7 a6 22.Qd4 Ke7 23.e4 dxe4 24.Qxe4+ Kf7 25.Rc6 Qd7 26.Qc4+ Kg6 27.Rcxc7 
Rxc7 28.Rxc7 Qe8 29.Qd3+ Kh6 30.Qg3 Rg8 31.Qf4+ Kh7 32.Qxf6 Qe1+ 33.Kh2 
Qxd2 34.Qf5+ Kh6 35.f4 Qe2 36.Qg5+ Kh7 37.Re7 Qd1 38.Re1 Qd6 39.Qxh5+ Qh6 
40.Qf5+ Kh8 41.Re6 g6 1-0

[Event "POL-chT3"]
[Site "Jastrzebia Gora POL"]
[Date "2016.09.04"]
[Round "2.58"]
[White "Mucha, Piotr"]
[Black "Czajkowski, Adam"]
[Result "1-0"]
[WhiteElo "2161"]
[BlackElo "2260"]
[EventDate "2016.09.02"]

1.e4 c5 2.Nf3 e6 3.b3 Nc6 4.Bb2 d6 5.d4 cxd4 6.Nxd4 Nf6 7.Bd3 Bd7 8.O-O 
Be7 9.c4 O-O 10.Nd2 Nxd4 11.Bxd4 Bc6 12.b4 a5 13.a3 b6 14.Qf3 Nd7 15.Qg3 
Ne5 16.Be2 Ng6 17.b5 Bb7 18.Rad1 e5 19.Be3 f5 20.exf5 Nh4 21.f6 Bxf6 22.
Bf3 Nxf3+ 23.Nxf3 Qc7 24.Qg4 Rae8 25.Rc1 Bd8 26.Ng5 Bxg5 27.Qxg5 Re6 28.
Qh5 Rg6 29.f3 d5 30.cxd5 Qd6 31.a4 Bxd5 32.Kh1 Bb3 33.Qh4 Qd3 34.Rfe1 Bd5 
35.Rcd1 Qb3 36.Qh5 Bc4 37.Qxe5 Qxa4 38.Qe7 Bxb5 39.Rd8 Be8 40.Bf2 1-0

[Event "POL-chT3"]
[Site "Jastrzebia Gora POL"]
[Date "2016.09.04"]
[Round "2.59"]
[White "Barwinski, Dionizy"]
[Black "Faron, Rafal"]
[Result "0-1"]
[WhiteElo "2049"]
[BlackElo "2062"]
[EventDate "2016.09.02"]

1.d4 Nf6 2.c4 g6 3.Nc3 d5 4.Bg5 Ne4 5.Bh4 Nxc3 6.bxc3 dxc4 7.e3 Be6 8.Rb1 
c5 9.Rxb7 Qa5 10.Qd2 Bd5 11.Rb1 Nd7 12.Nf3 Bg7 13.Be2 cxd4 14.exd4 Nc5 15.
Rb4 Na6 16.Qe3 g5 17.Qxg5 Bf6 18.Qd2 Bxh4 19.Nxh4 Nxb4 20.cxb4 Qb6 21.O-O 
Rg8 22.Bf3 Qc6 23.Qe3 e6 24.Bxd5 Qxd5 25.Nf3 a5 26.a3 axb4 27.axb4 Ra4 28.
Rb1 Ke7 29.g3 Rga8 30.Rc1 Ra3 31.Rc3 Rb3 32.Rxb3 cxb3 0-1

[Event "POL-chT3"]
[Site "Jastrzebia Gora POL"]
[Date "2016.09.04"]
[Round "2.60"]
[White "Binkowska, Agata"]
[Black "Sosnowska, Elzbieta"]
[Result "1-0"]
[WhiteElo "1776"]
[BlackElo "1867"]
[EventDate "2016.09.02"]

1.e4 g6 2.d4 c6 3.Nc3 d5 4.e5 h5 5.Nf3 Bg4 6.Bd3 e6 7.h3 Bxf3 8.Qxf3 Be7 
9.Be3 Nh6 10.g4 h4 11.Qg2 Nd7 12.f4 Nf8 13.Qd2 Ng8 14.f5 gxf5 15.gxf5 exf5
16.Bxf5 Ne6 17.Rg1 Bf8 18.O-O-O Ne7 19.Bg4 Qa5 20.Rdf1 b5 21.Qf2 Nd8 22.
Qf6 Rh7 23.e6 Bg7 24.exf7+ Kf8 25.Qf3 Qc7 26.Bf4 Qxf4+ 27.Qxf4 Bh6 28.Ne2 
Bxf4+ 29.Nxf4 Rxf7 30.Bh5 Nf5 31.Bxf7 Kxf7 32.Nd3 Kf6 33.Rg8 Kf7 34.Rg5 
Ne6 35.Rgxf5+ Ke7 36.Re1 Re8 37.Nc5 Kd6 38.Rf6 1-0

[Event "POL-chT3"]
[Site "Jastrzebia Gora POL"]
[Date "2016.09.04"]
[Round "2.61"]
[White "Gajek, Radoslaw"]
[Black "Cajbel, Maciej"]
[Result "1/2-1/2"]
[WhiteElo "2439"]
[BlackElo "2198"]
[EventDate "2016.09.02"]

1.c4 c5 2.Nf3 Nc6 3.Nc3 g6 4.e3 Nf6 5.d4 cxd4 6.exd4 d5 7.cxd5 Nxd5 8.Qb3 
e6 9.Bg5 Be7 10.Bh6 Bd7 11.Bb5 a6 12.Nxd5 exd5 13.Bxc6 bxc6 14.Ne5 Rb8 15.
Qf3 f6 16.Nxd7 Qxd7 17.O-O Kf7 18.b3 Rhe8 19.Rfe1 Bb4 20.Rec1 Re4 21.Qd3 
Qb7 22.Bd2 Bxd2 23.Qxd2 Qb6 24.Rc5 Qb4 25.Qxb4 Rxb4 26.Rxc6 Rbxd4 27.Rxa6 
Rd2 28.Ra7+ Ke6 29.Kf1 Ree2 30.Re1 Rxe1+ 31.Kxe1 Rb2 32.Ra8 Ke5 33.Re8+ 
Kd4 34.Re7 Rxa2 35.Rxh7 Ra1+ 36.Ke2 Ra2+ 37.Kf3 Rb2 38.Rb7 Kc3 39.Rb6 d4 
40.Rxf6 d3 41.Rc6+ Kd2 42.Rxg6 Ke1 43.Re6+ Re2 44.Ra6 d2 45.Ra1+ d1=Q 46.
Rxd1+ Kxd1 47.g4 Ke1 48.h4 Rxf2+ 49.Ke4 Rf8 50.g5 Kf2 51.g6 Kg3 52.Ke5 
Kxh4 53.g7 Rb8 54.Kf6 Kh5 55.Kf7 Rb7+ 56.Kf8 Rb8+ 57.Kf7 Rb7+ 58.Kf8 
1/2-1/2

[Event "POL-chT3"]
[Site "Jastrzebia Gora POL"]
[Date "2016.09.04"]
[Round "2.62"]
[White "Zareba, Radoslaw"]
[Black "Karpus, Michal"]
[Result "0-1"]
[WhiteElo "2093"]
[BlackElo "2254"]
[EventDate "2016.09.02"]

1.b3 e5 2.e3 Nc6 3.Bb2 Nf6 4.c4 d5 5.cxd5 Nxd5 6.a3 Be7 7.d3 f5 8.Nd2 O-O 
9.Ngf3 Bf6 10.Be2 e4 11.Bxf6 Nxf6 12.dxe4 fxe4 13.Ng5 Qe7 14.Ndxe4 Nxe4 
15.Qd5+ Kh8 16.Nxe4 Be6 17.Qg5 Bxb3 18.Qxe7 Nxe7 19.Rc1 Rac8 20.Bg4 Rce8 
21.O-O Bd5 22.Nc5 Rf6 23.e4 Bc6 24.Bd7 Bxd7 25.Nxd7 Rc6 26.f3 Kg8 27.Rxc6 
Nxc6 28.Rc1 Kf7 29.Nc5 Na5 30.Rd1 b6 31.Na4 Ke7 32.Nc3 c6 33.a4 a6 34.Kf2 
Nc4 35.f4 Rb8 36.g4 b5 37.axb5 axb5 38.Ke2 Rf8 39.f5 Ra8 40.Rb1 Ra3 41.
Nxb5 cxb5 42.Rxb5 Re3+ 43.Kf2 Rxe4 44.Kf3 Nd2+ 45.Kg3 Kf7 46.h4 Nc4 47.Kf3
Re5 48.Rb4 Nd6 49.Kf4 Re1 50.Rd4 Nc8 51.Rd7+ Re7 52.Rd8 Re8 53.Rd7+ Ne7 
54.g5 Ra8 55.g6+ hxg6 56.fxg6+ Ke6 57.Rb7 Nxg6+ 58.Kg5 Ne7 59.Rb5 Ra1 60.
h5 Rg1+ 61.Kf4 Nd5+ 62.Kf3 Nf6 63.Kf4 Kf7 64.Rb7+ Kg8 65.h6 gxh6 66.Kf5 
Nh5 67.Rb8+ Kh7 0-1

[Event "POL-chT3"]
[Site "Jastrzebia Gora POL"]
[Date "2016.09.04"]
[Round "2.63"]
[White "Krainski, Aleksander"]
[Black "Czachor, Grzegorz"]
[Result "0-1"]
[WhiteElo "2170"]
[BlackElo "2078"]
[EventDate "2016.09.02"]

1.e4 Nf6 2.e5 Nd5 3.d4 d6 4.c4 Nb6 5.exd6 cxd6 6.Nf3 g6 7.Be2 Bg7 8.O-O 
O-O 9.Nc3 Bg4 10.Be3 Nc6 11.b3 d5 12.a4 a5 13.c5 Nc8 14.Nb5 e6 15.Bf4 Bxf3
16.Bxf3 N8e7 17.Bd6 Nf5 18.Bxf8 Qxf8 19.Rc1 Nfxd4 20.Be2 Rc8 21.Re1 Nxb5 
22.axb5 Nd4 23.c6 bxc6 24.bxc6 Rxc6 25.Rxc6 Nxc6 26.Qd2 Qb4 27.Qxb4 axb4 
28.Bb5 Bc3 29.Re3 Nd4 30.Ba4 h5 31.Kf1 Kf8 32.f4 Ke7 33.Kf2 Kd6 34.Be8 Ke7
35.Ba4 Kf6 36.Rd3 Kf5 37.g3 g5 38.fxg5 Kxg5 39.Rd1 e5 40.Kg2 Kf6 41.Rf1+ 
Ke6 42.Be8 f5 43.Bxh5 Nxb3 44.g4 fxg4 45.Bxg4+ Ke7 46.h4 Nd2 47.Rh1 e4 48.
h5 b3 49.Bd1 b2 50.Bc2 d4 51.Kg3 d3 52.Bb1 Nxb1 53.Rxb1 e3 0-1

[Event "POL-chT3"]
[Site "Jastrzebia Gora POL"]
[Date "2016.09.04"]
[Round "2.64"]
[White "Klukiewicz, Piotr"]
[Black "Krainski, Slawomir"]
[Result "1-0"]
[WhiteElo "2011"]
[BlackElo "2144"]
[EventDate "2016.09.02"]

1.c4 c5 2.Nc3 Nc6 3.g3 g6 4.Bg2 Bg7 5.d3 e5 6.Rb1 d6 7.a3 a5 8.Nd5 Nge7 9.
Bg5 h6 10.Bxe7 Nxe7 11.Nxe7 Qxe7 12.e3 O-O 13.Ne2 Rb8 14.Nc3 Bd7 15.b4 
axb4 16.axb4 cxb4 17.Rxb4 Bc6 18.Nd5 Qe8 19.O-O b5 20.Nc7 Qd7 21.Bxc6 Qxc6
22.Nxb5 d5 23.Qb3 dxc4 24.Qxc4 Qd7 25.Rfb1 Rfc8 26.Qb3 Rd8 27.d4 exd4 28.
Nxd4 Rxb4 29.Qxb4 Bxd4 30.Rd1 Qc6 31.Rxd4 Qc1+ 32.Kg2 Qc6+ 33.e4 Re8 34.
Qc4 Qxc4 35.Rxc4 Re7 36.g4 Kg7 37.h4 Ra7 38.Kg3 Ra3+ 39.f3 Ra7 40.Rc3 Ra5 
41.f4 Ra1 42.f5 g5 43.hxg5 hxg5 44.Re3 Ra6 45.e5 Rb6 46.Kf3 Ra6 47.Rd3 Ra5
48.Ke4 Ra7 49.Rd6 Ra4+ 50.Rd4 Ra5 51.Rd7 Ra4+ 52.Kd5 Ra5+ 53.Kd6 Ra6+ 54.
Ke7 Ra4 55.e6 fxe6 56.f6+ Kg6 57.f7 Rf4 58.f8=Q Rxf8 59.Kxf8 Kf6 60.Rf7+ 
Ke5 1-0

[Event "POL-chT3"]
[Site "Jastrzebia Gora POL"]
[Date "2016.09.04"]
[Round "2.65"]
[White "Szczesniak, Andrzej"]
[Black "Krupa, Jerzy"]
[Result "1-0"]
[WhiteElo "1943"]
[BlackElo "1817"]
[EventDate "2016.09.02"]

1.c4 c5 2.Nc3 Nc6 3.g3 b6 4.Bg2 Bb7 5.a3 e6 6.e4 Nd4 7.Rb1 a5 8.Nge2 e5 9.
O-O Nf6 10.d3 Be7 11.f4 d6 12.h3 h5 13.Be3 Bc6 14.b4 axb4 15.axb4 O-O 16.
b5 Bd7 17.Nd5 Nxd5 18.exd5 Bf6 19.Qd2 Re8 20.Nc3 Nf5 21.Ne4 Nxe3 22.Qxe3 
Bf5 23.Qf3 Bxe4 24.dxe4 exf4 25.gxf4 h4 26.Rbe1 Bd4+ 27.Kh1 Ra4 28.e5 Rxc4
29.e6 Rc3 30.Qg4 fxe6 31.dxe6 Qf6 32.e7 Qf7 33.Qd7 Re3 34.Rxe3 Bxe3 35.
Qxd6 Qxe7 36.Qxb6 Rd8 37.Qc6 Qd6 38.Qe4 Qd2 39.b6 Rf8 40.b7 Bd4 41.Qd5+ 
Kh8 42.Qh5+ 1-0

[Event "POL-chT3"]
[Site "Jastrzebia Gora POL"]
[Date "2016.09.04"]
[Round "2.66"]
[White "Zdziarska-zareba, Lidia"]
[Black "Pacuszka, Wioletta"]
[Result "0-1"]
[WhiteElo "1884"]
[BlackElo "1923"]
[EventDate "2016.09.02"]

1.e4 c5 2.Nf3 e6 3.d4 cxd4 4.Nxd4 a6 5.Nc3 Qc7 6.Bd3 Nf6 7.O-O b5 8.Re1 d6
9.a4 bxa4 10.Nxa4 Be7 11.Be3 O-O 12.Qe2 Bb7 13.f3 Nbd7 14.Nb3 d5 15.Nc3 
dxe4 16.fxe4 Bd6 17.h3 Be5 18.Bd2 Nc5 19.Nxc5 Qxc5+ 20.Kh1 Rfd8 21.Na4 Qc6
22.Bc3 Bxc3 23.Nxc3 Rd4 24.e5 Nd7 25.Be4 Qc7 26.Bxb7 Qxb7 27.Ra2 Nc5 28.
Rea1 Rad8 29.Rd1 Rxd1+ 30.Nxd1 h6 31.Nc3 Rd4 32.Ra5 Qb4 33.Qf2 Ne4 34.Qe3 
Nxc3 35.Qxc3 Rd1+ 36.Kh2 Qf4+ 37.Qg3 Rh1+ 38.Kxh1 Qxg3 39.Rxa6 Qxe5 40.b3 
Qc3 0-1